000 00274nam a2200109 a 4500
005 20140310183329.0
008 060901s19uu xx 00 eng d
100 _aClancy, Tom
245 _aTom Clancy's Op-Center:
_bgames of state.
700 _aPieczenik, Steve
942 _cBK
999 _c21520
_d21520